| 000 | 01452nam a2200241Ia 4500 | ||
|---|---|---|---|
| 003 | Ost | ||
| 005 | 20260507074912.0 | ||
| 008 | 260507s9999||||xx |||||||||||||| ||und|| | ||
| 040 | _cfsecg | ||
| 041 | _aara | ||
| 082 | _a658.4 | ||
| 100 |
_aمحمود يوسف، محمد _eمؤلف |
||
| 245 | 0 |
_aإعادة هيكلة وخصخصة المؤسسات المالية / _c محمد محمود يوسف |
|
| 260 |
_aالقاهرة: _bالمنظمة العربية للتنمية الادارية, _c2007 |
||
| 300 |
_a215 صفحة؛ _bإيضاحات ؛ _c24 سم |
||
| 490 | _aبحوث ودراسات | ||
| 504 | _aببليوغرافيا: ص.195؛ ملاحق ص.201 | ||
| 520 | _aهيكل السوق المصري للخدمات المالية، برنامج الخصخصة واعادة الهيكلة لقطاع التأمين، برنامج الخصخصة واعادة هيكلة القطاع المصرفي، الاقتصاد الكلي والتعديلات التشريعية ذات التأثير، تنمية سوق التأمين المصري توقعات خدمات التأمين داخل السوق المصري، استراتيجية الاستحواذ أو الاندماج لزيادة القاعدة الرأسمالية وأهمية ذلك في قطاع الخدمات المالية | ||
| 653 | _aالتأمين - البنوك | ||
| 653 | _aالخدمات المصرفية | ||
| 653 | _aالرأسمالية | ||
| 942 | _cكتاب | ||
| 999 |
_c41747 _d41747 |
||